00636nam a2200193Ia 4500008004100000020001300041082001700054100002600071245006200097250000700159260003500166300002700201500001900228600002700247650001500274942000700289952013100296999001500427240925s9999 xx 000 0 und d a70308608 a621.3815 HUE aHuelsman ,Lawrence P. 0aActive and Passive Analog Filter Design: an Introduction  aNA aNew York:bMcGraw-Hillc,1993. axi,468p.bNAfOriginal aIncludes Index aEngineering Technology aTechnology cBK 001040708ETaUITUbUITUd1999-06-30eFair Book Centerg1300.00l0o621.3815 HUEpQ2055r2024-09-25 07:12:39w2024-09-25yBK c4554d4554